| 000 | 00549nam a22001937a 4500 | ||
|---|---|---|---|
| 999 |
_c6764 _d6764 |
||
| 003 | OSt | ||
| 005 | 20210212162735.0 | ||
| 008 | 210212b ||||| |||| 00| 0 eng d | ||
| 020 | _a9970070398 | ||
| 040 | _cDDC | ||
| 082 | _a332.1 MUT 2006 | ||
| 100 |
_aMutibwa, Phares M. _913871 |
||
| 245 | _aThe Bank of Uganda (1966-2006): a historical perspective | ||
| 260 | _aKampala; Bank of uganda, 2006 | ||
| 300 | _axvii,932p; ill: 23.5cm | ||
| 504 | _aReferences, appendex, & index included | ||
| 650 |
_aBanking finance _913872 |
||
| 942 |
_2z _cB_BANK |
||